000 00604nam a2200229 i 4500
001 C2-0074634
003 PPAK
005 20180727081146.0
008 970429s1984 enka|||| ||||| | eng d
020 _a0241111994
040 _aPPAK
_beng
_cPPAK
_erda
082 0 4 _a823
_223
090 0 0 _a823
_bGRA
_dK
100 1 _aGraham, Bob,
_eauthor
245 1 0 _aHere comes John
264 1 _aLondon :
_bHamish Hamilton ,
_c1984
300 _a[30 pages] :
_bcolour illustrations ;
_c17 cm
336 _2rdacontent
_atext
337 _2rdamedia
_aunmediated
338 _2rdacarrier
_avolume
942 _ddc
_cB
999 _c10737
_d10737